000 00340nam a22001217a 4500
999 _c4542
_d4542
008 250227b ||||| |||| 00| 0 eng d
020 _a9780448483559
082 _a975.3 STI
100 _aSTINE,MEGAN
_eAUTHOR
245 _aWHERE IS THE WHITE HOUSE?
260 _a345 HUDSON STREET,NEW YORK,NEW YORK 10014
_bGROSSET&DUNLAP
_c2015
942 _2ddc